000 00914nam0a2200277 4500
001 RU\NLR\bibl\1322913
005 20250615161527.0
010 _a978-5-389-00261-6
021 _aRU
_b2008-94833
_95557
035 _a(NLR Aleph) 001308240
090 _a662813
_c662813
100 _a20081124d2009 |||y0rusy50 ca
101 1 _arus
_ceng
102 _aRU
105 _ay |||||||||
200 1 _aФамильные ценности
_e[роман]
_fМагдален Нэб
_g[пер. с англ. Е. Дрезельс]
210 _aМосква
_cИностранка
_d2009
215 _a302, [1] с.
_d20
225 1 _aСерия "Лекарство от скуки"
_fсост.: Б. Акунин
686 _aШ6(4Вл)67-446{Лх1299-60}
700 1 _aНэб
_bМ.
_gМагдален
_4070
801 0 _aRU
_bNLR
_c20081124
_gRCR
801 1 _aRU
_bNLR
_c20081124
942 _cBOOK
980 _aNB